Diversidad íctica de la pesca en la zona de influencia del municipio de Puerto Inírida, Guainía (Registro nro. 16371)
[ vista simple ]
| 000 -CABECERA | |
|---|---|
| Campo de control | 008100000a22002410004500 |
| 090 ## - CLASIFICACIÓN LOCAL | |
| Colección | SERIADAS |
| 044 ## - PAÍS DE PUBLICACIÓN | |
| País de publicación | |
| 041 0# - IDIOMA | |
| Código de idioma para texto/pista de sonido o título separado | |
| 100 1# - ASIENTO PRINCIPAL--NOMBRE PERSONAL | |
| Nombre personal | Sierra, María T. |
| 245 10 - MENCION DE TITULO | |
| Título | Diversidad íctica de la pesca en la zona de influencia del municipio de Puerto Inírida, Guainía |
| Version | lista de especies y distribución |
| 651 #4 - ASIENTO SECUNDARIO DE MATERIA - NOMBRE GEOGRAFICO | |
| -- | Guainía |
| 700 1# - ASIENTO SECUNDARIO - NOMBRE PERSONAL | |
| Nombre personal | Patiño, Miguel |
| 773 1# - Item fuente: | |
| Título | Dahlia |
| Datos de la serie | Revista de la Asociación Colombiana de Ictiólogos |
| Descripción física | 10 |
| Paginas del Articulo | 57-63 |
| Lugar, editorial y fecha de publicación | 2008 |
| 942 ## - ELEMENTOS ADICIONALES (KOHA) | |
| Tipo de ítem | Artículo |
No hay ítems disponibles.